000 00632nam a2200241Ia 4500
001 8968
005 20240113234143.0
007 ta
008 050723s1962 a g b000 u eng u
040 _aCotton College,Assam
041 _aeng
082 _a820.9
_bC 06 E
100 _aCohen, J.M..
245 0 _aEnglish Translators and Translations /
_cJ.M.Cohen.
_hTextual Documents
250 _a1st ed. /
260 _aLondon :
_bLongman ,
_c1962.
300 _a56p. :
_bill. ;
_c21cm .
653 _aEnglish literature-Criticism
653 _aMS-English
942 _2ddc
_cBK
999 _c8955
_d8955